| 000 -CABECERA |
| campo de control de longitud fija |
02126nam a2200313 i 4500 |
| 003 - IDENTIFICADOR DEL NÚMERO DE CONTROL |
| campo de control |
OSt |
| 005 - FECHA Y HORA DE LA ÚLTIMA TRANSACCIÓN |
| campo de control |
20210202093600.0 |
| 008 - DATOS DE LONGITUD FIJA--INFORMACIÓN GENERAL |
| campo de control de longitud fija |
200326s9999 XX 000 0 und d |
| 020 ## - NÚMERO INTERNACIONAL ESTÁNDAR DEL LIBRO |
| Número Internacional Estándar del Libro |
9789587578096 |
| 040 ## - FUENTE DE LA CATALOGACIÓN |
| Centro catalogador/agencia de origen |
CO-BoRNBP |
| Lengua de catalogación |
spa |
| Normas de descripción |
rda |
| Centro/agencia transcriptor |
CO-BoRNBP |
| 041 ## - CÓDIGO DE LENGUA |
| Código de lengua del texto/banda sonora o título independiente |
spa |
| 082 ## - NÚMERO DE LA CLASIFICACIÓN DECIMAL DEWEY |
| Número de edición |
JC |
| Número de clasificación |
ESPA |
| 100 1# - ENTRADA PRINCIPAL--NOMBRE DE PERSONA |
| Nombre de persona |
España Arenas, Gonzalo, 1945- |
| 245 #0 - MENCIÓN DE TÍTULO |
| Título |
Los mejores relatos de la independencia de América |
| Mención de responsabilidad, etc. |
Gonzalo España Arenas |
| 250 ## - MENCIÓN DE EDICIÓN |
| Mención de edición |
1819-2019 Bicentenario |
| 264 #1 - PRODUCCIÓN, PUBLICACIÓN, DISTRIBUCIÓN, FABRICACIÓN Y COPYRIGHT |
| Producción, publicación, distribución, fabricación y copyright |
Bogotá : |
| Nombre del de productor, editor, distribuidor, fabricante |
Intermedio, |
| Fecha de producción, publicación, distribución, fabricación o copyright |
2019 |
| 300 ## - DESCRIPCIÓN FÍSICA |
| Extensión |
166 páginas : |
| Otras características físicas |
il. |
| Dimensiones |
21 cm |
| 336 ## - TIPO DE CONTENIDO |
| Término de tipo de contenido |
texto |
| Código de tipo de contenido |
txt |
| Fuente |
rdacontent |
| 337 ## - TIPO DE MEDIO |
| Nombre/término del tipo de medio |
sin mediación |
| Código del tipo de medio |
n |
| Fuente |
rdamedia |
| 338 ## - TIPO DE SOPORTE |
| Nombre/término del tipo de soporte |
volumen |
| Código del tipo de soporte |
nc |
| Fuente |
rdacarrier |
| 500 ## - NOTA GENERAL |
| Nota general |
Las gestas independentistas de los países americanos fueron procesos complejos que abarcaron más o menos una década de sucesos y acciones imposibles de recopilar en su totalidad. Comúnmente nos asomamos a una vista general de los hechos, que resume los acontecimientos más importantes de los principales actores en unas pocas páginas. Sin embargo, cada una de esas empresas libertadoras estuvo compuesta por innumerables episodios y detalles, en apariencia insignificantes, pero decisivos, de los cuales poco se habla en aquellos sumarios. Algunos de ellos se constituyen en divertidas anécdotas, en ocasiones protagonizadas por figuras secundarias, cuya contribución a las causas emancipadoras fue fundamental.Los relatos que componen este libro son una exquisita selección de aquellas anécdotas, recreadas con la vitalidad y luminosidad que solo la buena narrativa puede otorgar a hechos sepultados en el pasado y rescatados por los ojos curiosos y ávidos de un apasionado lector de viejos libros de historia. |
| 650 17 - PUNTO DE ACCESO ADICIONAL DE MATERIA--TÉRMINO DE MATERIA |
| Término de materia o nombre geográfico como elemento de entrada |
Autores colombianos |
| 650 17 - PUNTO DE ACCESO ADICIONAL DE MATERIA--TÉRMINO DE MATERIA |
| Término de materia o nombre geográfico como elemento de entrada |
Bandoleros - cuento |
| 650 17 - PUNTO DE ACCESO ADICIONAL DE MATERIA--TÉRMINO DE MATERIA |
| Término de materia o nombre geográfico como elemento de entrada |
Desde los 12 años |
| 650 17 - PUNTO DE ACCESO ADICIONAL DE MATERIA--TÉRMINO DE MATERIA |
| Término de materia o nombre geográfico como elemento de entrada |
Piratas - cuento |
| 651 ## - PUNTO DE ACCESO ADICIONAL DE MATERIA--NOMBRE GEOGRÁFICO |
| Nombre geográfico |
America del sur - historia - cuento |
| 740 ## - PUNTO DE ACCESO ADICIONAL--TÍTULO RELACIONADO O ANALÍTICO NO CONTROLADO |
| Título relacionado o analítico no controlado |
Aquí mando yo \ Obstinada locura \ La alarma de campeche \ El fracaso del plan de Maltrata \ Garantía de calidad \ Cabra para semilla \ El asalto de Mossoró \ La voluntad del Justo Juez |
| 942 ## - ELEMENTOS DE PUNTO DE ACCESO ADICIONAL (KOHA) |
| Tipo de ítem Koha |
Libro Literatura |